000 00317nam a2200133Ia 4500
100 _aAmerican Society for Matals
942 _cRB
654 _aWeilding Of HSLA
245 _aWeilding of HSLA (microalloyed Structural Sheets)
260 _bASM
_aOhio
_c1978
082 _a672.52
300 _a795
546 _aENGLISH
999 _c22085
_d22085